|
|
|
|
| LEADER |
00000nam0a2200000 4500 |
| 001 |
161135 |
| 005 |
20231101222231.0 |
| 010 |
|
|
|a 9785713905804
|b (в пер.)
|b 2000 экз.
|
| 010 |
|
|
|a 978-5-88045-122-7
|
| 021 |
|
|
|a RU
|b 08-54489
|9 08-3017
|
| 035 |
|
|
|a (RuTPU)RU\TPU\book\174746
|
| 090 |
|
|
|a 161135
|
| 100 |
|
|
|a 20090604d2008 m y0rusy5002 ca
|
| 101 |
0 |
|
|a rus
|
| 102 |
|
|
|a RU
|
| 105 |
|
|
|a y j 001zy
|
| 200 |
1 |
|
|a Социальная информатика
|e учебное пособие для вузов
|f И. В. Соколова
|
| 205 |
|
|
|a 2-е изд., перераб. и доп.
|
| 210 |
|
|
|a Москва
|c Перспектива
|d 2008
|
| 215 |
|
|
|a 271 с.
|d 22 см.
|
| 320 |
|
|
|a Библиогр. в конце тем.
|
| 330 |
|
|
|a Учебное пособие предназначено для студентов, изучающих курс «Социальная информатика», а также может быть использован всеми, кто интересуется теоретико-методологическими и методическими проблемами информатизации современного общества.
|
| 606 |
1 |
|
|a Информация
|x Социология
|2 stltpush
|3 (RuTPU)RU\TPU\subj\37591
|9 58489
|
| 610 |
1 |
|
|a информатика
|
| 610 |
1 |
|
|a социальная информатика
|
| 610 |
1 |
|
|a учебные пособия
|
| 610 |
1 |
|
|a информатизация
|
| 610 |
1 |
|
|a информационная безопасность
|
| 610 |
1 |
|
|a социодинамика
|
| 610 |
1 |
|
|a личность
|
| 610 |
1 |
|
|a комфорт
|
| 610 |
1 |
|
|a социальные коммуникации
|
| 686 |
|
|
|a С55.57я73
|2 rubbk
|
| 700 |
|
1 |
|a Соколова
|b И. В.
|g Ирина Викторовна
|4 070
|
| 801 |
|
0 |
|a RU
|b 63413507
|c 20080808
|g PSBO
|
| 801 |
|
1 |
|a RU
|b 63413507
|c 20090604
|g PSBO
|
| 801 |
|
2 |
|a RU
|b 63413507
|c 20150825
|g PSBO
|
| 830 |
|
|
|a <b><br /> <b>Соколова И. В.</b> Социальная информатика : [учеб. пособие для вузов по направлению и специальности <Соц. работа>] / И. В. Соколова. - [2-е изд., перераб. и доп.]. - М. : Перспектива, 2008 (). - 271 с. : ил.; 22 см. - Библиогр. в конце тем. - 2000 экз. - ISBN 978-5-7139-0580-4 (в пер.). - ISBN 978-5-88045-122-7. - [08-54489]<br /> - - 1. Социальная информация. 2. Информатизация общества. </p><p style='text-align:right'>УДК 316.3(075.8) <br />ББК 60.5я73 </p>
|
| 900 |
|
|
|a Социальная информатика
|
| 942 |
|
|
|c BK
|
| 951 |
|
|
|b 040100
|b 040101
|